[Event "Minsk op"]
[Site "Minsk"]
[Date "2023.11.08"]
[Round "6"]
[White "Khodas, Vikentsi"]
[Black "Chislov, Sergey"]
[Result "1/2-1/2"]
[WhiteElo "1908"]
[BlackElo "1477"]
[PlyCount "87"]
[EventDate "2023.11.03"]
[EventType "swiss"]
[EventRounds "9"]
[EventCountry "BLR"]
[SourceTitle "CB46_2023"]
[SourceDate "2023.11.15"]
[SourceVersion "1"]
[SourceVersionDate "2023.11.15"]
[SourceQuality "1"]

1. e4 e5 2. Nf3 Nc6 3. Bb5 Nf6 4. d3 Bc5 5. c3 0-0 6. 0-0 d6 7. h3 h6 8. Nbd2 Bd7 9. b4 Bb6 10. Nc4 Be6 11. Nxb6 axb6 12. Ba4 Re8 13. a3 Re7 14. Bc2 b5 15. Re1 Qd7 16. Kh2 d5 17. Bb2 dxe4 18. dxe4 Bc4 19. Qxd7 Rxd7 20. Rad1 Rad8 21. Rxd7 Rxd7 22. Bc1 Bd3 23. Bxd3 Rxd3 24. Bb2 Nd7 25. Re2 Nb6 26. Rd2 Rxd2 27. Nxd2 Nc4 28. Nxc4 bxc4 29. a4 f6 30. Kg3 Kf7 31. Kf3 Ne7 32. Ke3 c6 33. Bc1 Ke6 34. f4 g5 35. fxg5 fxg5 36. Kf3 Kf6 37. h4 Nc8 38. hxg5+ hxg5 39. Be3 Nd6 40. Bb6 Kg6 41. Bc7 Nf7 42. a5 Kf6 43. Bb6 Kg6 44. Kg4 1/2-1/2

[Event "Minsk op"]
[Site "Minsk"]
[Date "2023.11.03"]
[Round "1"]
[White "Elyashevich, Zakhar"]
[Black "Khodas, Vikentsi"]
[Result "1/2-1/2"]
[WhiteElo "1208"]
[BlackElo "1908"]
[PlyCount "117"]
[EventDate "2023.11.03"]
[EventType "swiss"]
[EventRounds "9"]
[EventCountry "BLR"]
[SourceTitle "CB46_2023"]
[SourceDate "2023.11.15"]
[SourceVersion "1"]
[SourceVersionDate "2023.11.15"]
[SourceQuality "1"]

1. d4 Nf6 2. Nf3 e6 3. c4 Be7 4. Nc3 d5 5. e3 0-0 6. Bd3 dxc4 7. Bxc4 a6 8. 0-0 c5 9. dxc5 Qxd1 10. Rxd1 Bxc5 11. a3 b5 12. Bd3 Bb7 13. b4 Be7 14. Ne5 Nc6 15. Nxc6 Bxc6 16. Bb2 Rfd8 17. Ne2 Rac8 18. Rac1 Kf8 19. Nd4 Bd5 20. Rxc8 Rxc8 21. f3 g6 22. e4 Bb7 23. Rc1 Rxc1+ 24. Bxc1 Nd7 25. Be3 Ne5 26. Be2 Ke8 27. Kf1 Kd7 28. f4 Nc4 29. Bxc4 bxc4 30. e5 f6 31. g3 fxe5 32. fxe5 Bf8 33. h4 Be7 34. Bf4 h5 35. Ke2 Bd8 36. Be3 Bc7 37. Bf4 Bd5 38. Kd2 Ke8 39. Kc3 Kf7 40. Nc2 Bd8 41. Bg5 Bb6 42. Be3 Bc7 43. Bf4 Bb6 44. Ne3 Bxe3 45. Bxe3 Ke7 46. Kd4 Kd7 47. Kc5 Kc7 48. a4 c3 49. b5 axb5 50. axb5 c2 51. b6+ Kd7 52. Kb5 Bb7 53. Kb4 Be4 54. Kb5 Bb7 55. Kc5 Bf3 56. Bf4 Bd5 57. Be3 Bf3 58. Bf4 Bd5 59. Be3 1/2-1/2

[Event "Minsk Bronstein Memorial op"]
[Site "Minsk"]
[Date "2015.02.14"]
[Round "4"]
[White "Khodas, Vikentsi"]
[Black "Fedorov, Alexei"]
[Result "0-1"]
[WhiteElo "1915"]
[BlackElo "2566"]
[PlyCount "62"]
[EventDate "2015.02.14"]
[EventType "swiss (rapid)"]
[EventRounds "10"]
[EventCountry "BLR"]
[SourceTitle "EXT 2017"]
[Source "ChessBase"]
[SourceDate "2016.10.25"]
[SourceVersion "1"]
[SourceVersionDate "2016.10.25"]
[SourceQuality "1"]

1. Nc3 c5 2. g3 Nc6 3. Bg2 g6 4. e3 Bg7 5. Nge2 e5 6. Nd5 Nge7 7. Nec3 0-0 8. 0-0 d6 9. d3 Rb8 10. a4 Be6 11. Bd2 Qd7 12. Re1 f5 13. f4 Nb4 14. Nxe7+ Qxe7 15. e4 Qd7 16. Nd5 fxe4 17. Nxb4 cxb4 18. dxe4 exf4 19. Bxb4 Bxb2 20. Rb1 Be5 21. gxf4 Rxf4 22. Qd3 Rh4 23. h3 Bxh3 24. Bxh3 Rxh3 25. Qd5+ Kh8 26. Re2 Qg4+ 27. Rg2 Qh4 28. Kf1 Rh1+ 29. Ke2 Rxb1 30. Bxd6 Qh5+ 31. Kd3 Qf3+ 0-1